Guía de estudios universitarios y terciarios : 1997 /
Guardado en:
| Formato: | Libro |
|---|---|
| Publicado: |
Buenos Aires :
Guías de Estudios,
1996
|
| Materias: | |
| Etiquetas: |
Agregar Etiqueta
Sin Etiquetas, Sea el primero en etiquetar este registro!
|
| LEADER | 00540nam a22001695a 4500 | ||
|---|---|---|---|
| 001 | CEM.cems009369 | ||
| 005 | 20081217090012.0 | ||
| 008 | 130507s1996##################000#0#####d | ||
| 003 | CEMS | ||
| 020 | |a 9879128036 | ||
| 082 | 0 | 4 | |a 371.425 |
| 245 | 0 | 0 | |a Guía de estudios universitarios y terciarios : |b 1997 / |
| 260 | |a Buenos Aires : |b Guías de Estudios, |c 1996 | ||
| 300 | |a 670 p. | ||
| 653 | |a Guía de estudios universitarios | ||
| 653 | |a Guía de estudios terciarios | ||
| 859 | |a CEMS |b BIB. CEMS - 11 de abril |h 371.425 |i G94-4 |p 19027.96 |t Ej.1 |v 1997 |3 1997 | ||
